La Traduction en Tchécoslovaquie

Bibliographic Details
Format: Book
Language:Undetermined
PhysicalDescription:72 s.

MARC

LEADER 00000nam a2200000 a 4500
001 vtls001350142
003 SK-MaSNL
005 20260224111018.0
008 981203suuuu xx 0 und
035 |a SNK000303471 
040 |a SNK  |b slo  |c SNK  |e AACR2 
245 1 |a La Traduction en Tchécoslovaquie 
300 |a 72 s. 
999 |c 977968  |d 979898 
952 |t P60, <03>, [BOOK], {603}  |a SNK  |b SNK  |y PREZ  |7 0  |p 17A0173139  |o snkSC 59010  |0 0  |1 0  |4 0  |d 1998-12-03  |l 0  |r 2025-06-06 00:00:00  |w 2026-02-24